| 000 | 00823nam a2200253 a 4500 | ||
|---|---|---|---|
| 001 | 000035937 | ||
| 003 | DO-SdBNP | ||
| 005 | 20250703095052.0 | ||
| 007 | ta | ||
| 008 | 111117s2013 dr 000 0 spa d | ||
| 040 |
_aDO-SdBNP _bspa _cBNPHU |
||
| 082 |
_axxx _bR426c |
||
| 110 | 1 |
_aRepública Dominicana. _bMinisterio de Administración Pública, (MAP) _921624 |
|
| 245 | 1 | 0 |
_aCódigo de ética : _bdeclaración de los principios y valores éticos de los servidores del MAP |
| 260 |
_aSanto Domingo : _bMAP, _c2013 |
||
| 300 |
_a24 p. ; _c22 cm. |
||
| 590 | _aInventariado, 2022 / DG | ||
| 650 | 0 |
_aÉtica política _91332 |
|
| 650 | 4 |
_aInstituciones públicas _xÉtica _931117 |
|
| 650 | 4 |
_xÉtica profesional _961960 |
|
| 710 | _4Ministerio de Administración Pública, ( MAP) | ||
| 910 | _aDG | ||
| 942 |
_2ddc _cLF2 |
||
| 999 |
_c52367 _d52367 |
||